[Event "NED-chT Cup"]
[Site "Haarlem"]
[Date "2024.05.19"]
[Round "3.5"]
[White "Van Wessel, Rudy"]
[Black "Schoppen, Casper"]
[Result "0-1"]
[WhiteElo "2368"]
[BlackElo "2551"]
[PlyCount "68"]
[EventDate "2024.05.09"]
[EventType "team-k.o."]
[EventRounds "3"]
[EventCountry "NED"]
[SourceTitle "CBM 220 Extra"]
[Source "ChessBase"]
[SourceDate "2024.07.31"]
[SourceVersion "1"]
[SourceVersionDate "2024.07.31"]
[SourceQuality "1"]
[WhiteTeam "Leiden IntelliMagic"]
[BlackTeam "Kennemer Combinatie"]
[WhiteTeamCountry "NED"]
[BlackTeamCountry "NED"]

1. d4 Nf6 2. Bf4 Nc6 3. e3 d6 4. h3 g6 5. Nf3 Bg7 6. Be2 0-0 7. 0-0 Nh5 8. Bh2 e5 9. g4 exd4 10. Nxd4 Nf6 11. Nc3 Re8 12. Bf3 Ne5 13. Bg2 h5 14. g5 Nh7 15. h4 Bg4 16. f3 Bd7 17. b3 a6 18. Qd2 c5 19. Nde2 Bc6 20. Nf4 b5 21. Rad1 b4 22. Ncd5 a5 23. e4 a4 24. Nd3 Bb5 25. f4 Ng4 26. f5 Bd4+ 27. Kh1 Nxh2 28. Kxh2 axb3 29. axb3 Ra2 30. Qf4 Bxd3 31. fxg6 Be5 32. gxf7+ Kg7 33. fxe8N+ Qxe8 34. Qxe5+ Qxe5+ 0-1

[Event "NED-chT 2324"]
[Site "Netherlands"]
[Date "2023.11.25"]
[Round "4.10"]
[White "Aravindhan, Achyuth"]
[Black "Van Wessel, Rudy"]
[Result "0-1"]
[WhiteElo "1883"]
[BlackElo "2368"]
[PlyCount "84"]
[EventDate "2023.09.16"]
[EventType "team-tourn"]
[EventRounds "9"]
[EventCountry "NED"]
[SourceTitle "EXT 2025"]
[Source "ChessBase"]
[SourceDate "2024.10.14"]
[SourceVersion "1"]
[SourceVersionDate "2024.10.14"]
[SourceQuality "1"]
[WhiteTeam "Amstelveen Zukertort"]
[BlackTeam "Leiden IntelliMagic"]
[WhiteTeamCountry "NED"]
[BlackTeamCountry "NED"]

1. e4 e5 2. Nf3 Nc6 3. Bc4 Nf6 4. d4 exd4 5. e5 d5 6. Bb5 Ne4 7. Nxd4 Bd7 8. Bxc6 bxc6 9. 0-0 Bc5 10. f3 Ng5 11. f4 Ne4 12. Be3 Bb6 13. Nd2 c5 14. N4f3 Nxd2 15. Qxd2 Bf5 16. c3 c4 17. Bxb6 axb6 18. Nd4 Bd3 19. Rf3 Be4 20. Rg3 g6 21. f5 Qe7 22. Qf4 0-0-0 23. Re3 gxf5 24. Nc6 Qc5 25. Nxd8 Rxd8 26. Kh1 d4 27. Re2 dxc3 28. bxc3 Rd3 29. Rxe4 fxe4 30. Qxe4 Qd5 31. Qxd5 Rxd5 32. Kg1 Rxe5 33. Kf2 Kd7 34. Rd1+ Ke6 35. Rd4 Ra5 36. Rd2 Ra3 37. Rc2 Kd5 38. Ke3 b5 39. Kd2 c5 40. Rb2 b4 41. Rc2 b3 42. axb3 cxb3 0-1

[Event "Leiden SB-ch 1920"]
[Site "Leiden"]
[Date "2019.12.20"]
[Round "3"]
[White "Van Wessel, Rudy"]
[Black "Feiner, Reinier"]
[Result "1-0"]
[WhiteElo "2368"]
[BlackElo "1968"]
[PlyCount "79"]
[EventDate "2019.11.08"]
[EventType "swiss"]
[EventRounds "7"]
[EventCountry "NED"]
[SourceTitle "EXT 2023"]
[Source "ChessBase"]
[SourceDate "2022.10.05"]
[SourceVersion "1"]
[SourceVersionDate "2022.10.05"]
[SourceQuality "1"]

1. d4 Nf6 2. Bf4 d5 3. e3 e6 4. Nd2 Bd6 5. Bg3 0-0 6. Bd3 c5 7. c3 cxd4 8. exd4 Re8 9. Ngf3 Nc6 10. Ne5 Bxe5 11. dxe5 Nd7 12. f4 f5 13. Bf2 b6 14. b4 Bb7 15. Nf3 Qc7 16. 0-0 Rac8 17. Qd2 Ne7 18. Rfc1 Qb8 19. Nd4 Ng6 20. Bg3 a6 21. a4 Ndf8 22. Rf1 Ne7 23. Rf3 Nc6 24. Bf2 Kh8 25. Rh3 Ne7 26. Nf3 Qc7 27. Rc1 a5 28. b5 Red8 29. Bd4 Re8 30. Qf2 Nd7 31. Ng5 Ng6 32. Rxh7+ Kg8 33. Qf3 Ndf8 34. Qh5 Rb8 35. Rf1 Bc8 36. Rf3 Nxh7 37. Qxh7+ Kf8 38. Qxg6 Ke7 39. Qxg7+ Kd8 40. Nf7+ 1-0

[Event "NED-chT 1819"]
[Site "Netherlands"]
[Date "2019.05.11"]
[Round "9.10"]
[White "Broekmeulen, Jasper"]
[Black "Van Wessel, Rudy"]
[Result "1-0"]
[WhiteElo "2371"]
[BlackElo "2395"]
[PlyCount "67"]
[EventDate "2018.09.15"]
[EventType "team-tourn"]
[EventRounds "9"]
[EventCountry "NED"]
[SourceTitle "CBM 189 Extra"]
[Source "ChessBase"]
[SourceDate "2019.05.31"]
[SourceVersion "1"]
[SourceVersionDate "2019.05.31"]
[SourceQuality "1"]
[WhiteTeam "Calder HMC"]
[BlackTeam "Leiden LSG"]
[WhiteTeamCountry "NED"]
[BlackTeamCountry "NED"]

1. e4 e5 2. Nf3 Nc6 3. c3 f5 4. d4 fxe4 5. Nxe5 Nf6 6. Bg5 Qe7 7. Nxc6 bxc6 8. Nd2 d5 9. Be2 Qf7 10. Be3 Bd6 11. c4 Qg6 12. Qa4 Bd7 13. 0-0-0 0-0 14. c5 Be7 15. h3 a5 16. g4 Qe8 17. Rde1 Qb8 18. g5 Ne8 19. f3 Qb4 20. Qc2 exf3 21. a3 Qb7 22. Nxf3 Bf5 23. Qc3 g6 24. Ne5 Ng7 25. Bd1 a4 26. h4 Be4 27. Rh2 Nh5 28. Bd2 Qb5 29. Qh3 Bf5 30. Bg4 Rae8 31. Bxf5 Rxf5 32. Ng4 Nf4 33. Bxf4 Rxf4 34. Nf6+ 1-0

[Event "Leiden SB-ch 1819"]
[Site "Leiden"]
[Date "2019.04.26"]
[Round "7"]
[White "Van Wessel, Rudy"]
[Black "Polak, Alexander"]
[Result "1-0"]
[WhiteElo "2389"]
[BlackElo "2105"]
[PlyCount "73"]
[EventDate "2018.10.19"]
[EventType "swiss"]
[EventRounds "9"]
[EventCountry "NED"]
[SourceTitle "EXT 2023"]
[Source "ChessBase"]
[SourceDate "2022.10.05"]
[SourceVersion "1"]
[SourceVersionDate "2022.10.05"]
[SourceQuality "1"]

1. c4 e5 2. Nc3 Nf6 3. g3 d5 4. cxd5 Nxd5 5. Bg2 Nb6 6. Nf3 Nc6 7. 0-0 Be7 8. Rb1 0-0 9. b4 Re8 10. b5 Nd4 11. d3 a6 12. bxa6 Rxa6 13. Nxe5 Bf6 14. f4 Bxe5 15. fxe5 Rxe5 16. e3 Re8 17. Rf2 Ne6 18. Rb4 Nd7 19. Rh4 Ne5 20. d4 Ng6 21. Rh5 c6 22. Ne4 Ra5 23. Rxa5 Qxa5 24. Nd6 Rd8 25. Nxf7 Rf8 26. Nd6 Rxf2 27. Kxf2 Qxa2+ 28. Kg1 Bd7 29. Nxb7 Qb1 30. Nd6 Ng5 31. Qf1 Ne7 32. h4 Qb4 33. Qf4 Ng6 34. Qxg5 Qxd6 35. Qd8+ Nf8 36. Kh2 h5 37. Qa8 1-0

[Event "NED-chT 1718"]
[Site "Netherlands"]
[Date "2018.03.10"]
[Round "7.4"]
[White "Van Wessel, Rudy"]
[Black "Kazarian, Anna Maja"]
[Result "1-0"]
[WhiteElo "2408"]
[BlackElo "2180"]
[PlyCount "79"]
[EventDate "2017.09.16"]
[EventType "team-tourn"]
[EventRounds "9"]
[EventCountry "NED"]
[SourceTitle "EXT 2019"]
[Source "ChessBase"]
[SourceDate "2018.10.10"]
[SourceVersion "1"]
[SourceVersionDate "2018.10.10"]
[SourceQuality "1"]
[WhiteTeam "Leiden LSG"]
[BlackTeam "En Passant"]
[WhiteTeamCountry "NED"]
[BlackTeamCountry "NED"]

1. d4 d5 2. Nf3 Nf6 3. Bf4 c5 4. e3 Nc6 5. c3 e6 6. Nbd2 Be7 7. Bd3 Nh5 8. Be5 Nxe5 9. Nxe5 Nf6 10. f4 Nd7 11. Ndf3 f6 12. Nxd7 Bxd7 13. Qc2 f5 14. 0-0 Rc8 15. Qe2 c4 16. Bc2 0-0 17. g4 Be8 18. gxf5 exf5 19. Ne5 Bd6 20. Qg2 Bxe5 21. fxe5 Rc6 22. Rxf5 Rxf5 23. Bxf5 Bg6 24. e4 Rb6 25. e6 dxe4 26. Bxg6 hxg6 27. Qxe4 Qe7 28. Re1 Rxb2 29. Kh1 Qd6 30. Qe5 Qxe5 31. Rxe5 Kf8 32. Rc5 Ke7 33. d5 Kd6 34. Rc8 Re2 35. Rd8+ Kc5 36. Rd7 b5 37. e7 b4 38. cxb4+ Kd4 39. d6 Kd5 40. Rd8 1-0

[Event "NED-CupT"]
[Site "Leiden"]
[Date "2017.03.18"]
[Round "1.1"]
[White "Spoelman, Wouter"]
[Black "Van Wessel, Rudy"]
[Result "1-0"]
[WhiteElo "2578"]
[BlackElo "2405"]
[PlyCount "73"]
[EventDate "2017.03.18"]
[EventType "team-match"]
[EventRounds "1"]
[EventCountry "NED"]
[SourceTitle "EXT 2018"]
[Source "ChessBase"]
[SourceDate "2017.10.13"]
[SourceVersion "1"]
[SourceVersionDate "2017.10.13"]
[SourceQuality "1"]
[WhiteTeam "Kennemer Combinatie"]
[BlackTeam "Leiden LSG"]
[WhiteTeamCountry "NED"]
[BlackTeamCountry "NED"]

1. c4 c6 2. Nc3 d5 3. e3 Nf6 4. Nf3 g6 5. cxd5 cxd5 6. Qa4+ Nc6 7. Ne5 Bd7 8. Nxd7 Qxd7 9. d4 Bg7 10. b4 Rc8 11. Bd2 a6 12. b5 axb5 13. Bxb5 0-0 14. 0-0 Qd6 15. Rab1 e5 16. dxe5 Qxe5 17. Ne2 Ne4 18. Rfd1 Qg5 19. Be1 Rfd8 20. Rbc1 Ra8 21. Qb3 Na5 22. Qd3 Nc6 23. Qb3 Na5 24. Qb1 h5 25. Nd4 Nd6 26. Rc5 Nxb5 27. Rxb5 Nc6 28. Nf3 Qg4 29. Rxb7 Qa4 30. Ng5 Ra7 31. Rc1 Ne5 32. Qb6 Raa8 33. h3 Qa6 34. Qxa6 Rxa6 35. Rcc7 Rxa2 36. Bc3 Rc2 37. Bxe5 1-0

[Event "NED-chT 1617"]
[Site "Netherlands"]
[Date "2017.03.11"]
[Round "7.6"]
[White "Van Wessel, Rudy"]
[Black "Dek, Lennart"]
[Result "1-0"]
[WhiteElo "2405"]
[BlackElo "2266"]
[PlyCount "125"]
[EventDate "2016.09.17"]
[EventType "team-tourn"]
[EventRounds "9"]
[EventCountry "NED"]
[SourceTitle "EXT 2018"]
[Source "ChessBase"]
[SourceDate "2017.10.13"]
[SourceVersion "1"]
[SourceVersionDate "2017.10.13"]
[SourceQuality "1"]
[WhiteTeam "Leiden LSG"]
[BlackTeam "Kennemer Combinatie"]
[WhiteTeamCountry "NED"]
[BlackTeamCountry "NED"]

1. d4 d5 2. c4 c6 3. Nc3 Nf6 4. Nf3 a6 5. c5 Bf5 6. Bf4 Nbd7 7. Rc1 Nh5 8. e3 Nxf4 9. exf4 Bg4 10. Qb3 Qc7 11. Ne5 Nxe5 12. fxe5 f6 13. Be2 Bxe2 14. Nxe2 g6 15. 0-0 Bh6 16. f4 0-0 17. Qh3 Bg7 18. Qe6+ Kh8 19. Rc3 Qc8 20. Qxc8 Raxc8 21. Rb3 Rc7 22. Rff3 Kg8 23. h4 e6 24. Rfe3 Kf7 25. Rb6 Re8 26. b4 h5 27. a4 Ra8 28. Rb3 Bh6 29. exf6 Kxf6 30. Kf2 Kf7 31. b5 axb5 32. axb5 Bg7 33. bxc6 bxc6 34. Rb7 Ra7 35. Rxc7+ Rxc7 36. Ke3 Bf6 37. g3 Ra7 38. Ng1 Ke7 39. Nf3 Kf7 40. Rb6 Ra3+ 41. Ke2 Ra2+ 42. Kf1 Ra1+ 43. Kg2 Ra2+ 44. Kh3 Ra3 45. Ne5+ Bxe5 46. dxe5 Rc3 47. Rxc6 Rc2 48. Rc7+ Kf8 49. c6 d4 50. g4 Rc3+ 51. Kg2 hxg4 52. Rd7 Rxc6 53. Kg3 Rc1 54. Kxg4 Rg1+ 55. Kf3 Rf1+ 56. Ke4 Rh1 57. Rh7 Rd1 58. h5 gxh5 59. Rxh5 d3 60. Rh6 Ke7 61. Ke3 Kf7 62. Rh7+ Ke8 63. Ra7 1-0

[Event "NED-chT 1516"]
[Site "Netherlands"]
[Date "2016.02.13"]
[Round "6.10"]
[White "Meissner, Felix"]
[Black "Van Wessel, Rudy"]
[Result "0-1"]
[WhiteElo "2298"]
[BlackElo "2398"]
[PlyCount "88"]
[EventDate "2015.09.26"]
[EventType "team-tourn"]
[EventRounds "9"]
[EventCountry "NED"]
[SourceTitle "CBM 170 Extra"]
[Source "ChessBase"]
[SourceDate "2016.02.25"]
[SourceVersion "1"]
[SourceVersionDate "2016.02.25"]
[SourceQuality "1"]
[WhiteTeam "SISSA"]
[BlackTeam "Leiden LSG"]
[WhiteTeamCountry "NED"]
[BlackTeamCountry "NED"]

1. e4 e5 2. Nf3 Nc6 3. Nc3 Nf6 4. d4 exd4 5. Nxd4 Bb4 6. Nxc6 bxc6 7. Bd3 d5 8. exd5 cxd5 9. 0-0 0-0 10. h3 c6 11. Qf3 Bd6 12. Bf4 Rb8 13. Bxd6 Qxd6 14. b3 Be6 15. Qg3 Qxg3 16. fxg3 c5 17. Rad1 Rfc8 18. g4 d4 19. Ne4 Nxe4 20. Bxe4 g6 21. Rf3 Rb4 22. Rfd3 a5 23. Bf3 Kg7 24. Kh2 a4 25. Kg3 Rc7 26. Kf4 axb3 27. axb3 Ra7 28. Ke5 Rb6 29. Kf4 h6 30. h4 Ra2 31. R3d2 Rb4 32. Kg3 Kf6 33. Be2 g5 34. h5 d3 35. Bxd3 Rxg4+ 36. Kh2 Rh4+ 37. Kg1 Rxh5 38. Rf2+ Kg7 39. Re1 g4 40. Rfe2 Kf6 41. Rf2+ Kg7 42. Rfe2 g3 43. Re3 Rg5 44. Kf1 h5 0-1

[Event "EU-Cup 31st"]
[Site "Skopje"]
[Date "2015.10.23"]
[Round "6.4"]
[White "Van Wessel, Rudy"]
[Black "Hammes, Michael"]
[Result "1/2-1/2"]
[WhiteElo "2398"]
[BlackElo "2336"]
[PlyCount "83"]
[EventDate "2015.10.18"]
[EventType "team-swiss"]
[EventRounds "7"]
[EventCountry "MKD"]
[SourceTitle "CBM 169"]
[Source "ChessBase"]
[SourceDate "2015.11.10"]
[SourceVersion "1"]
[SourceVersionDate "2015.11.10"]
[SourceQuality "1"]
[WhiteTeam "Leiden LSG"]
[BlackTeam "Eynatten"]
[WhiteTeamCountry "NED"]
[BlackTeamCountry "BEL"]

1. d4 e6 2. Nf3 Nf6 3. c4 d5 4. Nc3 Be7 5. Bf4 0-0 6. e3 Nbd7 7. c5 Nh5 8. Bd3 Nxf4 9. exf4 c6 10. Qc2 h6 11. 0-0 b6 12. b4 a5 13. a3 Qc7 14. g3 Ba6 15. h4 Bf6 16. Kg2 Bxd3 17. Qxd3 Rfb8 18. Ne5 Bxe5 19. fxe5 Qb7 20. Rfc1 Ra7 21. Rab1 axb4 22. axb4 Ra3 23. Qc2 Rba8 24. Rb2 b5 25. Qe2 Qa7 26. f4 Ra1 27. Rcc2 Qb7 28. Qh5 Nf8 29. Qf3 Qe7 30. Qf2 R8a3 31. Ne2 f5 32. Rc3 g5 33. Rxa3 Rxa3 34. hxg5 hxg5 35. fxg5 Qxg5 36. Nf4 Rd3 37. Ra2 Rd1 38. Rd2 Rxd2 39. Qxd2 Ng6 40. Qf2 Nxf4+ 41. Qxf4 Qxf4 42. gxf4 1/2-1/2

[Event "Leiden SB-chA"]
[Site "Leiden"]
[Date "2015.05.26"]
[Round "2"]
[White "Oosterom, Erik"]
[Black "Van Wessel, Rudy"]
[Result "0-1"]
[WhiteElo "2005"]
[BlackElo "2393"]
[PlyCount "70"]
[EventDate "2015.05.19"]
[EventType "swiss"]
[EventRounds "7"]
[EventCountry "NED"]
[SourceTitle "EXT 2018"]
[Source "ChessBase"]
[SourceDate "2017.10.13"]
[SourceVersion "1"]
[SourceVersionDate "2017.10.13"]
[SourceQuality "1"]

1. Nf3 b5 2. e4 a6 3. a4 b4 4. d4 e6 5. Nbd2 c5 6. Bd3 cxd4 7. Nxd4 Qc7 8. Nc4 d6 9. 0-0 Nf6 10. Qe2 Nbd7 11. Bd2 Rb8 12. f4 Nc5 13. Kh1 Nfxe4 14. Bxe4 Nxe4 15. Qxe4 Qxc4 16. Qc6+ Qxc6 17. Nxc6 Rb7 18. Nxb4 Rc7 19. Bc3 d5 20. Nd3 f6 21. Rf2 Rc4 22. Ba5 Bd6 23. b3 Re4 24. Bb6 Kf7 25. Bc5 Bc7 26. a5 Bb7 27. Kg1 Rc8 28. g3 h5 29. h4 Bb8 30. Bb6 Bd6 31. Rb1 Rc6 32. Kh2 Kg6 33. Rd2 Kf5 34. Nf2 Rxf4 35. Nd3 Rxh4+ 0-1

[Event "NED-chT 1415"]
[Site "Netherlands"]
[Date "2015.03.21"]
[Round "7.8"]
[White "Van de Griendt, Jan Willem"]
[Black "Van Wessel, Rudy"]
[Result "1/2-1/2"]
[WhiteElo "2352"]
[BlackElo "2397"]
[PlyCount "34"]
[EventDate "2014.09.27"]
[EventType "team-tourn"]
[EventRounds "9"]
[EventCountry "NED"]
[SourceTitle "EXT 2016"]
[Source "ChessBase"]
[SourceDate "2015.10.08"]
[SourceVersion "1"]
[SourceVersionDate "2015.10.08"]
[SourceQuality "1"]
[WhiteTeam "En Passant"]
[BlackTeam "Leiden LSG"]
[WhiteTeamCountry "NED"]
[BlackTeamCountry "NED"]

1. d4 d5 2. c4 c6 3. Nf3 Nf6 4. e3 Bf5 5. Nc3 e6 6. Nh4 Be4 7. f3 Bg6 8. g3 Nbd7 9. Be2 Qc7 10. Kf2 Be7 11. Bd2 Rd8 12. Nxg6 hxg6 13. Qc2 dxc4 14. Bxc4 e5 15. dxe5 Nxe5 16. Be2 Qd7 17. Rad1 Qf5 1/2-1/2

[Event "NED-chT 1415"]
[Site "Netherlands"]
[Date "2014.12.13"]
[Round "4.1"]
[White "Van Foreest, Lucas"]
[Black "Van Wessel, Rudy"]
[Result "1/2-1/2"]
[WhiteElo "2170"]
[BlackElo "2397"]
[PlyCount "117"]
[EventDate "2014.09.27"]
[EventType "team-tourn"]
[EventRounds "9"]
[EventCountry "NED"]
[SourceTitle "EXT 2016"]
[Source "ChessBase"]
[SourceDate "2015.10.08"]
[SourceVersion "1"]
[SourceVersionDate "2015.10.08"]
[SourceQuality "1"]
[WhiteTeam "SISSA"]
[BlackTeam "Leiden LSG"]
[WhiteTeamCountry "NED"]
[BlackTeamCountry "NED"]

1. e4 e5 2. Nf3 Nc6 3. Bb5 a6 4. Ba4 Nf6 5. 0-0 Be7 6. Re1 b5 7. Bb3 d6 8. c3 0-0 9. h3 Nb8 10. d4 Nbd7 11. Nbd2 Bb7 12. Bc2 Re8 13. Nf1 Bf8 14. Ng3 g6 15. a4 c5 16. d5 c4 17. Nh2 Bg7 18. Rf1 Rb8 19. Be3 Qc7 20. Qd2 Nc5 21. axb5 axb5 22. Ra7 Ra8 23. Rfa1 Rxa7 24. Rxa7 Rb8 25. Qd1 h5 26. Nf3 Nfd7 27. Qa1 Bf6 28. Nd2 Qd8 29. Ngf1 Qc8 30. g3 Bd8 31. Nh2 Nf6 32. Kg2 Bb6 33. Ra3 Qd7 34. Qd1 Kg7 35. Qe2 Rh8 36. Nhf3 Ra8 37. Rxa8 Bxa8 38. b4 cxb3 39. Nxb3 Ncxe4 40. Bxb6 Nxc3 41. Qd2 Ncxd5 42. Ba5 e4 43. Ng5 e3 44. Qd4 b4 45. Kf1 Kh6 46. f4 Kg7 47. Ke1 Qc6 48. Be4 Kg8 49. Bxb4 Nxe4 50. Nxe4 Nxb4 51. Nf6+ Kf8 52. Qxb4 Qh1+ 53. Ke2 Qf3+ 54. Kd3 e2+ 55. Kc2 Qxg3 56. Qxd6+ Kg7 57. Ne8+ Kg8 58. Nf6+ Kg7 59. Ne8+ 1/2-1/2

[Event "NED-chT 1415"]
[Site "Netherlands"]
[Date "2014.11.01"]
[Round "2.10"]
[White "Van Wessel, Rudy"]
[Black "Ondersteijn, Niels"]
[Result "0-1"]
[WhiteElo "2397"]
[BlackElo "2324"]
[PlyCount "67"]
[EventDate "2014.09.27"]
[EventType "team-tourn"]
[EventRounds "9"]
[EventCountry "NED"]
[SourceTitle "EXT 2015"]
[Source "ChessBase"]
[SourceDate "2014.11.20"]
[SourceVersion "1"]
[SourceVersionDate "2014.11.20"]
[SourceQuality "1"]
[WhiteTeam "Leiden LSG"]
[BlackTeam "Calder HMC"]
[WhiteTeamCountry "NED"]
[BlackTeamCountry "NED"]

1. d4 Nf6 2. c4 g6 3. Nc3 d5 4. cxd5 Nxd5 5. e4 Nxc3 6. bxc3 c5 7. Nf3 Bg7 8. Be3 Qa5 9. Nd2 Nd7 10. Qb3 0-0 11. Rc1 e5 12. d5 f5 13. Bb5 f4 14. Nc4 Qd8 15. Bd2 Nf6 16. Nxe5 Nxe4 17. d6+ Kh8 18. Nf7+ Rxf7 19. Qxf7 Nxd6 20. Qb3 Qe7+ 21. Be2 f3 22. gxf3 Bh3 23. Rg1 Re8 24. Be3 Nf5 25. c4 Bd4 26. Rg3 Nxe3 27. fxe3 Bxe3 28. Qb2+ Bd4 29. Qd2 Rd8 30. Rd1 Bf5 31. Kf1 Rd7 32. Qf4 Rd6 33. Re1 Re6 34. Qg5 0-1

[Event "NED-chT 1314"]
[Site "Netherlands"]
[Date "2014.04.12"]
[Round "8.4"]
[White "Baisakow, Alexander"]
[Black "Van Wessel, Rudy"]
[Result "1/2-1/2"]
[WhiteElo "2212"]
[BlackElo "2387"]
[PlyCount "80"]
[EventDate "2013.09.21"]
[EventType "team-tourn"]
[EventRounds "9"]
[EventCountry "NED"]
[SourceTitle "EXT 2015"]
[Source "ChessBase"]
[SourceDate "2014.11.20"]
[SourceVersion "1"]
[SourceVersionDate "2014.11.20"]
[SourceQuality "1"]
[WhiteTeam "ESG Max Euwe"]
[BlackTeam "Leiden LSG"]
[WhiteTeamCountry "NED"]
[BlackTeamCountry "NED"]

1. e4 c5 2. Nf3 e6 3. d4 cxd4 4. Nxd4 a6 5. Bd3 Nc6 6. c3 Nf6 7. 0-0 e5 8. Nf5 d5 9. exd5 Nxd5 10. Qf3 Be6 11. Be4 g6 12. Rd1 Qf6 13. Bxd5 Bxd5 14. Rxd5 Qxf5 15. Qxf5 gxf5 16. Bg5 Be7 17. Bxe7 Kxe7 18. Na3 Rad8 19. Rad1 Rxd5 20. Rxd5 Ke6 21. Rd2 b5 22. Kf1 Rg8 23. g3 Na5 24. Ke2 h5 25. Kf3 Rc8 26. Ke2 h4 27. Kf3 Rh8 28. Ke2 Nb7 29. c4 Nd6 30. cxb5 axb5 31. Rc2 hxg3 32. hxg3 Rh1 33. Rc5 b4 34. Nc4 Rc1 35. Kd3 e4+ 36. Kd4 Rd1+ 37. Ke3 b3 38. axb3 Rd3+ 39. Ke2 Rxb3 40. Nxd6 Rxb2+ 1/2-1/2

[Event "NED-chT 1314"]
[Site "Netherlands"]
[Date "2014.03.29"]
[Round "7.1"]
[White "Ris, Robert"]
[Black "Van Wessel, Rudy"]
[Result "1/2-1/2"]
[WhiteElo "2409"]
[BlackElo "2387"]
[PlyCount "133"]
[EventDate "2013.09.21"]
[EventType "team-tourn"]
[EventRounds "9"]
[EventCountry "NED"]
[SourceTitle "EXT 2015"]
[Source "ChessBase"]
[SourceDate "2014.11.20"]
[SourceVersion "1"]
[SourceVersionDate "2014.11.20"]
[SourceQuality "1"]
[WhiteTeam "BSG"]
[BlackTeam "Leiden LSG"]
[WhiteTeamCountry "NED"]
[BlackTeamCountry "NED"]

1. d4 d5 2. c4 c6 3. Nf3 Nf6 4. Nc3 a6 5. g3 dxc4 6. Bg2 g6 7. 0-0 Bg7 8. e4 b5 9. Bf4 0-0 10. Qe2 Bg4 11. Rad1 Qc8 12. Rfe1 Nbd7 13. h3 Bxf3 14. Bxf3 e6 15. h4 h5 16. Bd6 Rd8 17. e5 Ne8 18. Be7 Qc7 19. Bxd8 Rxd8 20. Qe4 Rc8 21. Bg2 Nb6 22. g4 b4 23. Ne2 hxg4 24. Qxg4 Na4 25. Rd2 Rd8 26. b3 Nb6 27. bxc4 Bxe5 28. c5 Nc8 29. Rb2 Bg7 30. Rxb4 Ne7 31. Reb1 Nf6 32. Qf3 Nfd5 33. Rb7 Qa5 34. h5 Rf8 35. hxg6 Nxg6 36. Rd7 Qxa2 37. Rbb7 Nh4 38. Qh5 Nf6 39. Qxh4 Nxd7 40. Rxd7 Qxe2 41. Be4 f5 42. Bxc6 Rf7 43. Rd8+ Bf8 44. Kh2 Rh7 45. Rxf8+ Kxf8 46. Qxh7 Qxf2+ 47. Kh3 Qe3+ 48. Kg2 Qe2+ 49. Kg3 Qd3+ 50. Kf4 Qxd4+ 51. Kg5 Qxc5 52. Kg6 Qg1+ 53. Kf6 Qd4+ 54. Kxe6 Qe3+ 55. Kd6 Qd4+ 56. Bd5 Qf6+ 57. Be6 Qd4+ 58. Kc6 Qf6 59. Kd5 f4 60. Kd6 Qd4+ 61. Bd5 Qf6+ 62. Be6 Qd4+ 63. Kc6 Qf6 64. Qg8+ Ke7 65. Kd5 f3 66. Qh7+ Kf8 67. Qg8+ 1/2-1/2

[Event "Hoogeveen Unive op 17th"]
[Site "Hoogeveen"]
[Date "2013.10.25"]
[Round "8"]
[White "Van Wessel, Rudy"]
[Black "Beerdsen, Thomas"]
[Result "1-0"]
[WhiteElo "2388"]
[BlackElo "2106"]
[PlyCount "143"]
[EventDate "2013.10.18"]
[EventType "swiss"]
[EventRounds "9"]
[EventCountry "NED"]
[SourceTitle "EXT 2014"]
[Source "ChessBase"]
[SourceDate "2013.11.20"]
[SourceVersion "1"]
[SourceVersionDate "2013.11.20"]
[SourceQuality "1"]

1. d4 d5 2. c4 c6 3. Nc3 Nf6 4. Nf3 e6 5. cxd5 exd5 6. Bg5 Be7 7. Qc2 0-0 8. e3 Re8 9. Bd3 Nbd7 10. 0-0 Nf8 11. Bxf6 Bxf6 12. b4 g6 13. b5 cxb5 14. Bxb5 Re7 15. Rfc1 Rc7 16. Qb2 Be6 17. Ne1 Be7 18. Nd3 Bd6 19. Nb4 a6 20. Be2 Bxb4 21. Qxb4 Rac8 22. Bd3 Rc6 23. Ne2 Rxc1+ 24. Nxc1 Rc7 25. Ne2 Qc8 26. Qa5 Nd7 27. Re1 Nf6 28. f3 Bd7 29. e4 Bc6 30. e5 Nd7 31. Rc1 Nf8 32. f4 Kg7 33. h3 f5 34. exf6+ Kxf6 35. Rf1 Kg7 36. f5 Rf7 37. Qd2 Bd7 38. g4 gxf5 39. Nf4 Ng6 40. Nh5+ Kg8 41. g5 Qc7 42. Bc2 Kh8 43. Bb3 Bc6 44. Qf2 Rf8 45. h4 h6 46. Nf6 Qd6 47. Bc2 Bb5 48. Re1 Rxf6 49. gxf6 Qxf6 50. Bxf5 Nxh4 51. Bg4 Qxf2+ 52. Kxf2 Ng6 53. Re6 Kg7 54. Rb6 Nf4 55. Ke3 Ng2+ 56. Kd2 Nf4 57. Bc8 h5 58. Ke3 Ng2+ 59. Kf3 Ne1+ 60. Kf4 Nd3+ 61. Kg5 Nb4 62. Rxb7+ Kf8 63. Kf6 Nc6 64. Bf5 Ke8 65. Bd7+ Kd8 66. Rxb5 Kxd7 67. Rxd5+ Kc7 68. Kg5 Nb4 69. Rc5+ Kd6 70. Ra5 Kc6 71. a3 Nc2 72. Rc5+ 1-0

[Event "Hoogeveen Unive op 17th"]
[Site "Hoogeveen"]
[Date "2013.10.19"]
[Round "2"]
[White "Van Wessel, Rudy"]
[Black "Henseler, Jorgen"]
[Result "1-0"]
[WhiteElo "2388"]
[BlackElo "2088"]
[PlyCount "87"]
[EventDate "2013.10.18"]
[EventType "swiss"]
[EventRounds "9"]
[EventCountry "NED"]
[SourceTitle "EXT 2014"]
[Source "ChessBase"]
[SourceDate "2013.11.20"]
[SourceVersion "1"]
[SourceVersionDate "2013.11.20"]
[SourceQuality "1"]

1. d4 Nf6 2. c4 g6 3. Nc3 Bg7 4. e4 d6 5. Bd3 0-0 6. Nge2 e5 7. d5 Nbd7 8. 0-0 Nc5 9. Bc2 a5 10. Ng3 Bd7 11. Rb1 h5 12. Bg5 Qe8 13. Qd2 Nh7 14. Be3 Qe7 15. b3 Bf6 16. a3 Bg5 17. b4 Bxe3 18. Qxe3 axb4 19. axb4 Na6 20. Nge2 Kg7 21. Nc1 h4 22. Nd3 Nf6 23. h3 Nh5 24. c5 f5 25. exf5 Bxf5 26. c6 b6 27. Rfd1 Qf6 28. Ne4 Bxe4 29. Qxe4 Qg5 30. Ra1 b5 31. Qg4 Qxg4 32. hxg4 Nf6 33. Bb3 Nxg4 34. f3 e4 35. fxe4 Ne5 36. Nxe5 dxe5 37. Ra5 Nxb4 38. Rda1 Rxa5 39. Rxa5 Rb8 40. Ra7 Rc8 41. Bd1 Kf6 42. Bg4 Rb8 43. Rxc7 Na6 44. Ra7 1-0

[Event "NED Cup"]
[Site "Bunschoten"]
[Date "2012.05.17"]
[Round "1.2"]
[White "Van Wessel, Rudy"]
[Black "Nijboer, Friso"]
[Result "0-1"]
[WhiteElo "2376"]
[BlackElo "2535"]
[PlyCount "106"]
[EventDate "2012.05.17"]
[EventType "team-k.o."]
[EventRounds "2"]
[EventCountry "NED"]
[SourceTitle "CBM 148 Extra"]
[Source "ChessBase"]
[SourceDate "2012.06.22"]
[SourceVersion "1"]
[SourceVersionDate "2012.06.22"]
[SourceQuality "1"]
[WhiteTeam "Leiden LSG"]
[BlackTeam "En Passant"]
[WhiteTeamCountry "NED"]
[BlackTeamCountry "NED"]

1. d4 f5 2. g3 Nf6 3. Bg2 g6 4. c3 Bg7 5. Qb3 d5 6. Nh3 a5 7. a4 Nc6 8. Nf4 e6 9. Nd2 b6 10. Nf3 Ne4 11. Nd3 g5 12. Nfe5 Nxe5 13. Nxe5 Ba6 14. f3 Nc5 15. Qd1 Bxe5 16. dxe5 Nd7 17. h4 gxh4 18. Rxh4 Qe7 19. Bf4 0-0-0 20. Qd2 Rdg8 21. Kf2 Nf8 22. Qe3 Rg6 23. Rah1 Rhg8 24. Bf1 Kb8 25. Rh5 Qd7 26. b3 Bb7 27. Qd2 Qe7 28. e3 Qe8 29. Bd3 c5 30. g4 Qc6 31. Bb5 Qc7 32. g5 R8g7 33. R5h2 Bc6 34. Qe2 Bxb5 35. Qxb5 Kb7 36. Rd1 Qc6 37. c4 Rd7 38. Ke2 Rgg7 39. Rh6 Ng6 40. cxd5 Rxd5 41. Qxc6+ Kxc6 42. Rdh1 Rdd7 43. Bg3 Kd5 44. Be1 c4 45. bxc4+ Kxc4 46. Bf2 Rc7 47. Rb1 Kd5 48. Rxb6 Rc2+ 49. Kf1 Rgc7 50. Rd6+ Kxe5 51. Bg3+ f4 52. Bxf4+ Nxf4 53. exf4+ Kxd6 0-1